[Event "GER M-468 D email"]
[Site "GER email"]
[Date "2012.??.??"]
[Round "?"]
[White "Gebhardt, Ulrich"]
[Black "Tarnowski, Rainer"]
[Result "1-0"]
[WhiteElo "1894"]
[BlackElo "1878"]
[PlyCount "39"]
[EventDate "2012.??.??"]
[EventType "tourn (corr)"]
[EventRounds "1"]
[EventCountry "GER"]
[SourceTitle "Corr 2015"]
[Source "ChessBase"]
[SourceDate "2015.07.17"]
[SourceVersion "1"]
[SourceVersionDate "2015.07.17"]
[SourceQuality "1"]

1. d4 Nf6 2. c4 e6 3. Nc3 Bb4 4. Qc2 0-0 5. e4 c5 6. a3 Qa5 7. axb4 Qxa1 8. bxc5 Nc6 9. Nf3 e5 10. dxe5 Ng4 11. Nd5 Re8 12. Qc3 Rb8 13. Be2 Qa4 14. 0-0 Ngxe5 15. Nxe5 Nxe5 16. b4 b6 17. f4 Ng6 18. Bb2 f6 19. Bh5 Qc6 20. f5 1-0

[Event "GER M-456 D email"]
[Site "GER email"]
[Date "2010.01.03"]
[Round "?"]
[White "Tarnowski, Rainer"]
[Black "Fiensch, Guenter"]
[Result "0-1"]
[WhiteElo "1878"]
[BlackElo "2110"]
[PlyCount "72"]
[EventDate "2010.??.??"]
[EventType "tourn (corr)"]
[EventRounds "1"]
[EventCountry "GER"]
[SourceTitle "Corr 2015"]
[Source "ChessBase"]
[SourceDate "2015.07.17"]
[SourceVersion "1"]
[SourceVersionDate "2015.07.17"]
[SourceQuality "1"]

1. d4 Nf6 2. Nf3 e6 3. g3 b5 4. c3 Bb7 5. Bg2 c5 6. 0-0 Be7 7. dxc5 Bxc5 8. Bg5 d5 9. Qd3 a6 10. b4 Be7 11. a4 bxa4 12. Rxa4 0-0 13. Nbd2 Nbd7 14. Nb3 Rc8 15. Na5 Ba8 16. Rc1 h6 17. Bxf6 Bxf6 18. Nb3 Bb7 19. Na5 Ba8 20. Nb3 Bb7 21. Na5 Qb6 22. Nxb7 Qxb7 23. Qxa6 Qxa6 24. Rxa6 Rxc3 25. Rxc3 Bxc3 26. Ra7 Nf6 27. Rb7 Ra8 28. b5 Ne4 29. Bf1 g5 30. h4 g4 31. Nh2 h5 32. Bg2 Ra1+ 33. Nf1 Nd6 34. Rb6 Bb4 35. Kh2 Kg7 36. Ne3 Bc5 0-1

[Event "GER M-456 D email"]
[Site "GER email"]
[Date "2010.??.??"]
[Round "?"]
[White "Tarnowski, Rainer"]
[Black "Schmidt, Volkmar"]
[Result "0-1"]
[WhiteElo "1878"]
[BlackElo "2141"]
[PlyCount "66"]
[EventDate "2010.??.??"]
[EventType "tourn (corr)"]
[EventRounds "1"]
[EventCountry "GER"]
[SourceTitle "Corr 2015"]
[Source "ChessBase"]
[SourceDate "2015.07.17"]
[SourceVersion "1"]
[SourceVersionDate "2015.07.17"]
[SourceQuality "1"]

1. e4 c5 2. Nf3 Nc6 3. Bc4 d6 4. 0-0 Nf6 5. Nc3 g6 6. d4 cxd4 7. Nxd4 Bg7 8. Nxc6 bxc6 9. e5 dxe5 10. Qxd8+ Kxd8 11. f4 Bf5 12. Bxf7 exf4 13. Bxf4 e6 14. Bd6 Bf8 15. Be5 Ke7 16. Bxg6 hxg6 17. g4 Rg8 18. gxf5 gxf5+ 19. Kh1 Kf7 20. Rae1 Be7 21. Re2 Rad8 22. Rfe1 Rg6 23. Bc7 Rc8 24. Bg3 Nh5 25. Be5 Rcg8 26. Nd1 Bc5 27. Ne3 Nf6 28. Ng2 Ng4 29. Bg3 e5 30. Nh4 Rf6 31. h3 Ne3 32. Bf2 f4 33. Nf3 Ke6 0-1